000 00829nam a2200241 i 4500
003 DO-SdBNP
005 20230911093807.0
006 a||||gr|||| 00| 0
007 ta
008 230828m2014 dr ||||| |||| 00| 0 spa d
040 _aDO-SdBNP
_bspa
_cBNPHU
_erda
082 4 _222
_bI24c
111 2 _aConferencia del Episcopado Dominicano.
_d(2014 :
_cSanto Domingo, República Dominicana)
_jautor
_984093
245 1 0 _aCarta pastoral:
_bfamilia cristiana: vive y proclama tu fe. /
264 _aSanto Domingo :
_bConferencia del Episcopado Dominicano,
_c2014
300 _a28 páginas ;
_c21 cm.
336 _2rdacontent
_atexto
_btxt
337 _2rdamedia
_asin media
_bn
338 _2rdacarrier
_avolumen
_bnc
500 _aIncluye bibliografía y notas al pie de páginas.
590 _aInventariado 2023 / MF
942 _2ddc
_cLF2
999 _c54555
_d54555